000 00861cam a2200241 a 4500
008
020 _a0717117510 (hbk. )
049 _aMAIN
090 _aHF1532
_bMAT
100 1 _aMatthews, Alan.
245 1 0 _aEC trade policy and the Third World :
_ban Irish perspective /
_cAlan Matthews.
260 _aGoldenbridge :
_bGill and Macmillan,
_cc1991.
300 _axiv, 246 p. ;
_c23 cm.
504 _aIncludes bibliographical references.
500 _aIncludes index.
651 0 _aEuropean Economic Community countries
_xForeign economic relations
_zDeveloping countries.
651 0 _aDeveloping countries
_xForeign economic relations
_zEuropean Economic Community countries.
907 _a.b10306705
_b30-05-13
_c31-01-12
003
005 20230123125359.0
040 _cNUST
942 _cBOOKS
_kHF1532
_mMAT
999 _c140537
_d140537